000 00818nam a2200253 4500
001 144616
003 ES-MaACL
005 20250816062538.0
007 t|
008 070214s1986 sp r ||||1| spa d
020 _a84-297-2416-8
100 1 _aSimmel, Georg.
_9106480
245 1 3 _aEl individuo y la libertad
_b: ensayos de crítica de la cultura /
_cGeorg Simmel ; traducción y prólogo de Salvador Mas.
250 _a1ª. ed.
260 _aBarcelona :
_bPenínsula,
_c1986.
300 _a284 p. ;
_c20 cm.
490 1 _aHistoria, ciencia, sociedad ;
_v198
650 0 4 _aIndividualismo.
_913708
650 0 4 _aLibertad.
_914400
700 1 _aMas, Salvador.
_978623
830 0 0 _aHistoria, ciencia, sociedad (Península)
_v198
_9177444
852 _aES-MaACL
_jL-9880
_bR.111894
999 _c144616
_d144616